000 00667nam a2200205 i 4500
001 8922
003 ES-MaACL
005 20230906145550.0
007 t|
008 921113s1989 xxu ||||1| eng d
020 _a0-300-04022-9
080 _a327(43)"1949/1989"
100 1 _aHanrieder, Wolfram F.
_961747
245 1 0 _aGermany, America, Europe
_b: forty years of german foreign policy /
_cWolfram F. Hanrieder.
260 _aNew Haven and London :
_bYale University Press,
_ccop. 1989.
300 _aXVIII, 509 p. ;
_c24 cm.
500 _aIndices.
651 4 _aAlemania (República Federal)-
_xPolítica exterior.
_97676
852 _aES-MaACL
_jL-16307
_bR.118577
999 _c8922
_d8922